Interpolácia astronomických veličín

Guardado en:
Detalles Bibliográficos
Autor principal: Kuchtová, Kristína (Autor)
Otros Autores: Letko, Pavol (Orientador)
Formato: Manuscrito Libro
Lenguaje:eslovaco
Publicado: 2023
Materias:
Acceso en línea:http://is.stuba.sk/zp/portal_zp.pl?podrobnosti=179489
https://opac.crzp.sk/?fn=detailBiblioForm&sid=0A15AC6E5E2ED0F3D6D3C4342BCF
Etiquetas: Agregar Etiqueta
Sin Etiquetas, Sea el primero en etiquetar este registro!

MARC

LEADER 00000ntm a22000003a 4500
001 stuzp95113
003 SK-STU
005 20230919101658.9
007 ta
008 150427s2015----xo-----f-mn---000-0-slo-d
040 |a STU  |b slo 
041 0 |a slo 
100 1 |a Kuchtová, Kristína  |u 010130  |4 aut  |U SvF Stavebná fakulta  |T SvF Katedra globálnej geodézie a geoinformatiky  |X 97689  |U V130  |Y 13  |7 97689 
242 0 1 |a Interpolation of astronomical quantities  |y eng 
245 1 0 |a Interpolácia astronomických veličín 
260 |c 2023 
650 4 |a interpolácia  |2 slo 
650 4 |a rektascenzia  |2 slo 
650 4 |a deklinácia  |2 slo 
650 4 |a interpolation  |2 eng 
650 4 |a declination  |2 eng 
650 4 |a right ascension  |2 eng 
700 1 |a Letko, Pavol  |u 010130  |k Z1  |4 ths  |U SvF Stavebná fakulta  |T SvF Katedra globálnej geodézie a geoinformatiky  |X 67382  |U V130  |Y 13  |7 A000067382 
856 4 |u http://is.stuba.sk/zp/portal_zp.pl?podrobnosti=179489 
856 4 |u https://opac.crzp.sk/?fn=detailBiblioForm&sid=0A15AC6E5E2ED0F3D6D3C4342BCF